000 01029nam a2200265 a 4500
001 BRCA_9146
005 20190320210533.0
008 190618s2015----mx-a######---#000-0#spa-#
020 _a9783943514384
041 _aspa
044 _amx
050 4 _aNK4032.O3
_b.M56 2015
100 1 _aMindling, Eric
_922546
245 1 0 _aBarro y fuego
_bel arte de la alfarería en Oaxaca
_cEric Mindling ; prólogo de Gustavo Pérez ; fotografía de Paris Barrera.
250 _a2
260 _aMéxico
_bInnovando la Tradición : BOM DIA BOA TARDE BOA NOITE
_c2015
300 _a235 p.
_bil. (algunas a color)
_c24 cm.
500 _aIncluye guía de los pueblos alfareros de Oaxaca
500 _aCatálogo de la exposición realizada en el Museo Franz Mayer (Ciudad de México), 16 mayo - 17 junio 2018
650 1 4 _aAlfarería
_vExposiciones
_zOaxaca, México
_922547
650 1 4 _aAlfarería mexicana
_vCatálogos
_zOaxaca
_922548
700 1 _aPérez, Gustavo
_epról.
_922549
700 1 _aBarrera, Paris
_eil.
_922550
942 _2lcc
_cB
999 _c8793
_d8793